000 00450nam a2200133Ia 4500
003 GCL
008 140319s9999 xx 000 0 ara d
040 _aGCL /
_cGCL
082 0 4 _a658.401
_bن ت
100 1 _aتوفيق محمد عبدالمحسن
245 1 0 _aتخطيط ومراقبة جودة المنتجات مدخل ادارة الجودة الشاملة /
_cتوفيق محمد عبدالمحسن
300 _a190 ص
490 _a100 قصة
_v0
999 _c43378
_d43378